| 000 | 00636cam a2200145 4500500 | ||
|---|---|---|---|
| 005 | 20250121122619.0 | ||
| 041 | _afre | ||
| 042 | _adc | ||
| 100 | 1 | 0 |
_aBarbier, André _eauthor |
| 245 | 0 | 0 | _aCet autre divan: Psychanalyse de la mémoire du corps and La psychothérapie psychanalytique corporelle: L’inanalysable en psychanalyse: Le divan par-devant by Monique Dechaud-Ferbus |
| 260 | _c2012. | ||
| 500 | _a14 | ||
| 786 | 0 | _nRevue française de psychanalyse | 76 | 3 | 2012-07-01 | p. 885-894 | 0035-2942 | |
| 856 | 4 | 1 | _uhttps://shs.cairn.info/journal-revue-francaise-de-psychanalyse-2012-3-page-885?lang=en&redirect-ssocas=7080 |
| 999 |
_c557432 _d557432 |
||